[Event "Llinars del Valles op-A 9th"]
[Site "Llinars del Valles"]
[Date "2015.04.11"]
[Round "1"]
[White "Lafuente Calvillo, Andrea"]
[Black "Serra Canals, Oriol"]
[Result "0-1"]
[WhiteElo "1833"]
[BlackElo "2090"]
[PlyCount "70"]
[EventDate "2015.04.11"]
[EventType "swiss"]
[EventRounds "9"]
[EventCountry "ESP"]
[SourceTitle "EXT 2016"]
[Source "ChessBase"]
[SourceDate "2015.10.08"]
[SourceVersion "1"]
[SourceVersionDate "2015.10.08"]
[SourceQuality "1"]

1. e4 e6 2. d4 d5 3. Nc3 Bb4 4. e5 c5 5. a3 Bxc3+ 6. bxc3 Ne7 7. Qg4 Qc7 8. Qxg7 Rg8 9. Qxh7 cxd4 10. Ne2 dxc3 11. f4 Nbc6 12. Be3 Bd7 13. Qd3 Nf5 14. Bf2 Rc8 15. h3 d4 16. g4 Ne3 17. Bxe3 dxe3 18. Qxe3 Ne7 19. Bg2 Bc6 20. Bxc6+ Qxc6 21. Rg1 Nd5 22. Qf2 Qa4 23. Ra2 Nb4 24. axb4 Qxa2 25. Nd4 Qb1+ 26. Ke2 Qxb4 27. Rd1 Qc4+ 28. Ke1 Rd8 29. g5 a5 30. h4 a4 31. h5 a3 32. Nb3 Rxd1+ 33. Kxd1 a2 34. Na1 Ke7 35. Ke1 Rd8 0-1

[Event "Llinars del Valles op-A 8th"]
[Site "Llinars del Valles"]
[Date "2014.05.17"]
[Round "4"]
[White "Lafuente Calvillo, Andrea"]
[Black "Panades Catarineu, Oriol"]
[Result "1/2-1/2"]
[WhiteElo "1845"]
[BlackElo "1828"]
[PlyCount "35"]
[EventDate "2014.04.26"]
[EventType "swiss"]
[EventRounds "8"]
[EventCountry "ESP"]
[SourceTitle "EXT 2015"]
[Source "ChessBase"]
[SourceDate "2014.11.20"]
[SourceVersion "1"]
[SourceVersionDate "2014.11.20"]
[SourceQuality "1"]

1. e4 c5 2. Nf3 e6 3. c4 Nc6 4. d4 cxd4 5. Nxd4 Nf6 6. Nc3 Bb4 7. Nxc6 dxc6 8. Qxd8+ Kxd8 9. Bd3 e5 10. 0-0 Be6 11. Be3 Ng4 12. Bg5+ Kc7 13. h3 Nf6 14. a3 Bxc3 15. bxc3 h6 16. Bxf6 gxf6 17. Rad1 Rhg8 18. Kh2 1/2-1/2

[Event "Llinars del Valles op-A 7th"]
[Site "Llinars del Valles"]
[Date "2013.05.25"]
[Round "6"]
[White "Ortega Serra, Marc"]
[Black "Lafuente Calvillo, Andrea"]
[Result "1-0"]
[WhiteElo "2178"]
[BlackElo "1790"]
[PlyCount "103"]
[EventDate "2013.04.13"]
[EventType "swiss"]
[EventRounds "7"]
[EventCountry "ESP"]
[SourceTitle "EXT 2014"]
[Source "ChessBase"]
[SourceDate "2013.11.20"]
[SourceVersion "1"]
[SourceVersionDate "2013.11.20"]
[SourceQuality "1"]

1. d4 d5 2. Nf3 Nf6 3. g3 c6 4. Bg2 Bg4 5. Ne5 Bf5 6. c4 e6 7. 0-0 Nbd7 8. Nxd7 Qxd7 9. Qb3 Be7 10. Nd2 0-0 11. Nf3 dxc4 12. Qxc4 Qd5 13. Nd2 Qxc4 14. Nxc4 Rfd8 15. Na5 Rxd4 16. Nxb7 Be4 17. Na5 Rc8 18. f3 Bc2 19. Be3 Rb4 20. Rfc1 Rb5 21. Nc4 Bf5 22. a4 Rb4 23. a5 c5 24. Bd2 Rb5 25. e4 Bg6 26. Bf1 Rbb8 27. Bc3 Nd7 28. a6 f6 29. Rd1 Nf8 30. Na5 Be8 31. Nb7 Bc6 32. Bc4 Rc7 33. Na5 Be8 34. Kf2 Kh8 35. f4 Bg6 36. Ke3 Be8 37. g4 Bd7 38. h4 f5 39. Be5 Rbc8 40. Bxc7 Rxc7 41. exf5 exf5 42. g5 g6 43. Nb7 Bc8 44. Nd6 Bd7 45. Nf7+ Kg7 46. Ne5 Be6 47. Ra3 Bxc4 48. Nxc4 Ne6 49. Rb3 Kf8 50. Rb8+ Kg7 51. Rb7 Kf8 52. Rd7 1-0

[Event "Cerdanyola del Valles op 30th"]
[Site "Cerdanyola del Valles"]
[Date "2012.10.27"]
[Round "4"]
[White "Lafuente Calvillo, Andrea"]
[Black "Corrales Adamuz, Cristian"]
[Result "1/2-1/2"]
[WhiteElo "1755"]
[BlackElo "1824"]
[PlyCount "79"]
[EventDate "2012.09.29"]
[EventType "swiss"]
[EventRounds "8"]
[EventCountry "ESP"]
[SourceTitle "EXT 2014"]
[Source "ChessBase"]
[SourceDate "2013.11.20"]
[SourceVersion "1"]
[SourceVersionDate "2013.11.20"]
[SourceQuality "1"]

1. e4 e5 2. Nf3 Nc6 3. d4 exd4 4. Nxd4 Bc5 5. Nxc6 Qf6 6. Qf3 dxc6 7. Bc4 h5 8. Nc3 Bg4 9. Qxf6 Nxf6 10. f3 Be6 11. Bxe6 fxe6 12. Bd2 0-0-0 13. 0-0-0 Rd7 14. Rhf1 Rhd8 15. Bg5 Be7 16. Rxd7 Rxd7 17. Ne2 Bd6 18. Ng3 Nh7 19. Be3 g6 20. f4 Rf7 21. Rf2 Be7 22. Ne2 Nf6 23. e5 Ng4 24. Rf3 Nxh2 25. Rh3 Ng4 26. Bd2 Bc5 27. Nc3 Bb4 28. Rf3 Nh2 29. Rh3 Nf1 30. Rf3 Nxd2 31. Kxd2 Rd7+ 32. Ke2 Bxc3 33. Rxc3 Rd4 34. Rf3 Kd7 35. Ke3 Rd1 36. Rg3 Rc1 37. Kd2 Rf1 38. Ke2 Rc1 39. Kd3 Rf1 40. Ke3 1/2-1/2

[Event "Cerdanyola del Valles op 30th"]
[Site "Cerdanyola del Valles"]
[Date "2012.09.29"]
[Round "1"]
[White "Corominas Garrido, Jordi"]
[Black "Lafuente Calvillo, Andrea"]
[Result "1-0"]
[WhiteElo "1930"]
[BlackElo "1755"]
[PlyCount "95"]
[EventDate "2012.09.29"]
[EventType "swiss"]
[EventRounds "8"]
[EventCountry "ESP"]
[SourceTitle "EXT 2014"]
[Source "ChessBase"]
[SourceDate "2013.11.20"]
[SourceVersion "1"]
[SourceVersionDate "2013.11.20"]
[SourceQuality "1"]

1. c4 e6 2. g3 d5 3. Bg2 Nf6 4. Nf3 Be7 5. 0-0 0-0 6. b3 b6 7. d4 Bb7 8. Bb2 Nbd7 9. Nc3 c5 10. cxd5 Nxd5 11. Nxd5 Bxd5 12. Qd3 Bf6 13. e4 Bb7 14. Rad1 cxd4 15. Nxd4 Nc5 16. Qe2 Qe8 17. Rfe1 Rd8 18. b4 Ba6 19. Qe3 Na4 20. Ba1 Be7 21. a3 e5 22. Nf5 Bf6 23. Rd5 Rxd5 24. exd5 Qd7 25. Be4 Bc4 26. Qf3 a5 27. Rc1 b5 28. Qh5 g6 29. Nh6+ Kh8 30. Bxe5 Bxe5 31. Qxe5+ f6 32. Qf4 axb4 33. axb4 Kg7 34. Ng4 Nb6 35. Ne3 Rc8 36. Bf3 Rc7 37. d6 Rc8 38. Bg4 Be6 39. Rc7 Rxc7 40. dxc7 Bxg4 41. Nxg4 Qd1+ 42. Kg2 Qd5+ 43. Qf3 Qxf3+ 44. Kxf3 Kf7 45. Ke3 Nd5+ 46. Kd4 Nxc7 47. Kc5 f5 48. Ne3 1-0

[Event "Valles Oriental-ch prel"]
[Site "Llinars"]
[Date "2012.01.14"]
[Round "1.3"]
[White "Sanchez Quesada, Francesco Xavier"]
[Black "Lafuente Calvillo, Andrea"]
[Result "0-1"]
[WhiteElo "1731"]
[BlackElo "1974"]
[PlyCount "97"]
[EventDate "2012.01.14"]
[EventType "swiss"]
[EventRounds "5"]
[EventCountry "ESP"]
[SourceTitle "EXT 2024"]
[Source "ChessBase"]
[SourceDate "2023.10.10"]
[SourceVersion "1"]
[SourceVersionDate "2023.10.10"]
[SourceQuality "1"]

1. e4 c5 2. Nf3 Nc6 3. Nc3 e5 4. Be2 Nf6 5. d3 Be7 6. 0-0 0-0 7. Be3 d6 8. b3 Be6 9. Qd2 Nd4 10. Bd1 Ng4 11. Nd5 Bxd5 12. exd5 f5 13. c3 Nxf3+ 14. Bxf3 Nf6 15. Qe2 Qd7 16. Bd2 Rae8 17. Bg5 e4 18. dxe4 Nxe4 19. Bxe7 Rxe7 20. Bxe4 Rxe4 21. Qf3 Rfe8 22. c4 a6 23. a4 g6 24. Qg3 Qe7 25. h3 b6 26. Rab1 Qd7 27. Qg5 b5 28. axb5 axb5 29. Rbc1 bxc4 30. bxc4 Kg7 31. Qd2 Kf7 32. Rfe1 Qa4 33. Rxe4 Rxe4 34. Qc3 Qe8 35. Qa5 Qd7 36. Qc3 Re8 37. Re1 Rxe1+ 38. Qxe1 Qe7 39. Qd2 Qe5 40. Qa5 Kf6 41. Qd8+ Qe7 42. Qxe7+ Kxe7 43. f4 Kf6 44. h4 h6 45. Kf2 g5 46. hxg5+ hxg5 47. fxg5+ Kxg5 48. g3 Kg4 49. Kg2 0-1

[Event "Roncana op-A 5th"]
[Site "Santa Eulalia de Roncana"]
[Date "2011.11.19"]
[Round "7"]
[White "Lafuente Calvillo, Andrea"]
[Black "Hernandez Martinez, Carlos"]
[Result "1/2-1/2"]
[WhiteElo "1720"]
[BlackElo "1639"]
[PlyCount "104"]
[EventDate "2011.10.01"]
[EventType "swiss"]
[EventRounds "8"]
[EventCountry "ESP"]
[SourceTitle "EXT 2013"]
[Source "ChessBase"]
[SourceDate "2012.11.22"]
[SourceVersion "1"]
[SourceVersionDate "2012.11.22"]
[SourceQuality "1"]

1. e4 c6 2. Nf3 d5 3. exd5 cxd5 4. Ne5 Qc7 5. d4 Bf5 6. Bb5+ Nc6 7. Nc3 e6 8. Bf4 Bd6 9. Qe2 Nge7 10. Nxc6 bxc6 11. Bxd6 Qxd6 12. Bd3 Qb4 13. Qd2 Qxd4 14. 0-0-0 Bxd3 15. cxd3 Ng6 16. Rhe1 Qc5 17. d4 Qa5 18. Kb1 Rb8 19. Rc1 0-0 20. Rc2 Rfc8 21. Rec1 c5 22. dxc5 Rxc5 23. Ne2 Qxd2 24. Rxd2 Rxc1+ 25. Kxc1 Rc8+ 26. Kb1 f6 27. Rd3 Kf7 28. Ra3 Rc7 29. Ra6 e5 30. Nc3 d4 31. Nb5 Rd7 32. Kc2 Nf4 33. g3 Nd5 34. a3 Nb6 35. Rxa7 Rxa7 36. Nxa7 e4 37. b3 Ke6 38. Nb5 Kd5 39. Nc7+ Ke5 40. a4 f5 41. a5 Nd5 42. Nxd5 Kxd5 43. b4 Kc6 44. a6 Kb6 45. b5 g5 46. Kd2 f4 47. gxf4 gxf4 48. h3 f3 49. Ke1 h6 50. Kd2 e3+ 51. fxe3 f2 52. Ke2 dxe3 1/2-1/2

[Event "Roncana op-A 5th"]
[Site "Santa Eulalia de Roncana"]
[Date "2011.11.12"]
[Round "6"]
[White "Fernandez Felguera, Agustin"]
[Black "Lafuente Calvillo, Andrea"]
[Result "0-1"]
[WhiteElo "1659"]
[BlackElo "1720"]
[PlyCount "73"]
[EventDate "2011.10.01"]
[EventType "swiss"]
[EventRounds "8"]
[EventCountry "ESP"]
[SourceTitle "EXT 2013"]
[Source "ChessBase"]
[SourceDate "2012.11.22"]
[SourceVersion "1"]
[SourceVersionDate "2012.11.22"]
[SourceQuality "1"]

1. e4 c5 2. Nf3 Nc6 3. Bb5 g6 4. d4 Qa5+ 5. Nc3 cxd4 6. Nxd4 Bg7 7. Bxc6 dxc6 8. 0-0 Nf6 9. Nb3 Qc7 10. h3 0-0 11. f4 Rd8 12. Qf3 e6 13. Kh1 b6 14. Ne2 c5 15. Ng3 Bb7 16. Nd2 Rd7 17. Qf2 Rad8 18. f5 exf5 19. exf5 Re8 20. Nb1 Ne4 21. Nxe4 Rxe4 22. Bf4 Qd8 23. c3 Ba6 24. Nd2 Rxf4 25. Qxf4 Rxd2 26. Rfe1 Bb7 27. fxg6 Bxg2+ 28. Kg1 hxg6 29. Re3 Bc6 30. Rae1 Rd1 31. h4 Rxe1+ 32. Rxe1 Bf6 33. Rf1 Kg7 34. h5 gxh5 35. Qf5 h4 36. Qh5 Qd5 37. Kf2 0-1

[Event "Llinars del Valles op-A 5th"]
[Site "Llinars del Valles"]
[Date "2011.05.28"]
[Round "5"]
[White "Cervello Tost, Ferran"]
[Black "Lafuente Calvillo, Andrea"]
[Result "1-0"]
[WhiteElo "1852"]
[BlackElo "1678"]
[PlyCount "137"]
[EventDate "2011.04.30"]
[EventType "swiss"]
[EventRounds "7"]
[EventCountry "ESP"]
[SourceTitle "EXT 2012"]
[Source "ChessBase"]
[SourceDate "2011.11.24"]
[SourceVersion "1"]
[SourceVersionDate "2011.11.24"]
[SourceQuality "1"]

1. e4 c5 2. Nf3 Nc6 3. d4 cxd4 4. Nxd4 e5 5. Nf5 d6 6. Ne3 Nf6 7. Nc3 Be6 8. g3 Be7 9. Bg2 Rc8 10. Ncd5 Bxd5 11. Nxd5 Nxd5 12. exd5 Nb8 13. 0-0 0-0 14. f4 Nd7 15. b3 exf4 16. Bxf4 Qb6+ 17. Kh1 Bf6 18. Rb1 Be5 19. c4 Qc7 20. Bh3 Rce8 21. Re1 Bxf4 22. gxf4 Rxe1+ 23. Qxe1 Nf6 24. Qh4 Qd8 25. Rg1 Ne4 26. Qxd8 Rxd8 27. Kg2 Re8 28. Re1 Kf8 29. Bf5 Nf6 30. Rxe8+ Kxe8 31. Bc8 b6 32. Kf3 Nd7 33. b4 a5 34. a3 Kd8 35. Bb7 Kc7 36. Bc6 Nf6 37. h3 Nh5 38. Ke3 Ng3 39. Kd4 Nf5+ 40. Kc3 Kd8 41. c5 dxc5 42. bxc5 Kc7 43. Kc4 bxc5 44. Kxc5 Ne3 45. Kb5 Nc2 46. Kxa5 Nxa3 47. Kb4 Nc2+ 48. Kc5 Ne3 49. d6+ Kd8 50. Be4 f5 51. Bf3 Nf1 52. Kd4 Kd7 53. Ke5 Ne3 54. Be2 Ng2 55. Bb5+ Kd8 56. Kxf5 Nh4+ 57. Ke6 g6 58. Kf6 Ng2 59. Kg5 Ne3 60. Kf6 Nd5+ 61. Kg5 Ne3 62. h4 Ng2 63. d7 Ke7 64. Ba4 Ne3 65. h5 gxh5 66. Kxh5 Nd5 67. f5 Nb6 68. f6+ Kd8 69. f7 1-0

[Event "Cerdanyola del Valles op 28th"]
[Site "Cerdanyola del Valles"]
[Date "2010.11.13"]
[Round "7"]
[White "Lafuente Calvillo, Andrea"]
[Black "Pozanco Romasanta, Marc"]
[Result "0-1"]
[WhiteElo "1625"]
[BlackElo "1876"]
[PlyCount "56"]
[EventDate "2010.10.02"]
[EventType "swiss"]
[EventRounds "7"]
[EventCountry "ESP"]
[SourceTitle "EXT 2012"]
[Source "ChessBase"]
[SourceDate "2011.11.24"]
[SourceVersion "1"]
[SourceVersionDate "2011.11.24"]
[SourceQuality "1"]

1. e4 e6 2. d4 c5 3. Nf3 cxd4 4. Nxd4 Bc5 5. Nb3 Bb6 6. Bd3 Nc6 7. Nc3 Nge7 8. Bf4 0-0 9. h4 d5 10. exd5 Nxd5 11. Nxd5 Qxd5 12. Rg1 Nd4 13. c4 Qd8 14. g3 Nxb3 15. Qxb3 Qf6 16. Qc2 h6 17. Rg2 e5 18. Bd2 Bg4 19. Bc3 Bd4 20. Bxd4 exd4 21. Kd2 Rfe8 22. Re1 Rxe1 23. Kxe1 Re8+ 24. Kf1 Bh3 25. Be4 Qe6 26. Bh7+ Kh8 27. Kg1 Qc6 28. f3 Qxf3 0-1

[Event "Llinars del Valles op-B 4th"]
[Site "Llinars del Valles"]
[Date "2010.05.08"]
[Round "5"]
[White "Lafuente Calvillo, Andrea"]
[Black "Cardo Llagostera, Francesco Javier"]
[Result "0-1"]
[WhiteElo "1644"]
[BlackElo "1829"]
[PlyCount "108"]
[EventDate "2010.04.10"]
[EventType "swiss"]
[EventRounds "7"]
[EventCountry "ESP"]
[SourceTitle "EXT 2012"]
[Source "ChessBase"]
[SourceDate "2011.11.24"]
[SourceVersion "1"]
[SourceVersionDate "2011.11.24"]
[SourceQuality "1"]

1. e4 c5 2. Nf3 d6 3. d4 cxd4 4. Nxd4 Nf6 5. Nc3 a6 6. Bc4 e6 7. Bb3 Be7 8. f4 Nbd7 9. f5 Nc5 10. fxe6 fxe6 11. Qe2 Nxb3 12. axb3 e5 13. Nf5 Bxf5 14. exf5 h6 15. Qf3 Qc7 16. Be3 Qc6 17. Rf1 Qxf3 18. Rxf3 d5 19. Bd2 Rc8 20. Kd1 Kf7 21. Ne2 Rc6 22. c3 Rd8 23. Ke1 Ne4 24. Ng3 Nxd2 25. Kxd2 e4 26. Rff1 Bg5+ 27. Ke2 b5 28. Rad1 b4 29. c4 a5 30. Ke1 Bh4 31. cxd5 Bxg3+ 32. hxg3 Rcd6 33. Rf4 Re8 34. Rf2 Re5 35. Rfd2 Rxf5 36. Rf2 Rxf2 37. Kxf2 Kf6 38. Ke3 Ke5 39. Rd4 Rxd5 40. Rxe4+ Kf6 41. Rf4+ Rf5 42. Kd4 Rxf4+ 43. gxf4 Kf5 44. Kc5 Kxf4 45. Kb5 Kg3 46. Kxa5 Kxg2 47. Kxb4 h5 48. Kc5 h4 49. b4 h3 50. b5 h2 51. b3 h1Q 52. b6 Qh8 53. b7 Qb8 54. Kc6 g5 0-1

[Event "Catalunya-ch (Women)"]
[Site "Girona"]
[Date "2009.12.29"]
[Round "5"]
[White "Lafuente Calvillo, Andrea"]
[Black "Barbosa Rubies, Laia"]
[Result "0-1"]
[WhiteElo "1599"]
[BlackElo "1819"]
[PlyCount "142"]
[EventDate "2009.12.27"]
[EventType "swiss"]
[EventRounds "6"]
[EventCountry "ESP"]
[SourceTitle "EXT 2019"]
[Source "ChessBase"]
[SourceDate "2018.10.10"]
[SourceVersion "1"]
[SourceVersionDate "2018.10.10"]
[SourceQuality "1"]

1. e4 e6 2. d3 d5 3. Qe2 Nf6 4. Nf3 c5 5. g3 Nc6 6. Bg2 Be7 7. 0-0 0-0 8. e5 Nd7 9. Bf4 Re8 10. c3 f6 11. Nbd2 g5 12. exf6 Bxf6 13. Bd6 e5 14. Nb3 Qb6 15. Qe3 c4 16. dxc4 Qxe3 17. fxe3 dxc4 18. Nbd2 b5 19. Nxe5 Bxe5 20. Bxc6 Bxd6 21. Bxa8 Ne5 22. Bd5+ Kh8 23. Nf3 Bh3 24. Rf2 Ng4 25. Re2 Bc5 26. Nd4 Ne5 27. Bg2 Bg4 28. Rf2 Nd3 29. Rf7 Bh5 30. Rf5 h6 31. Bf1 Rxe3 32. Bxd3 Bxd4 33. cxd4 cxd3 34. Rf2 Be2 35. Rxe2 Rxe2 36. Rd1 d2 37. Kf1 Rxh2 38. Kg1 Re2 39. Kf1 Re3 40. Rxd2 Rxg3 41. Kf2 Rg4 42. Kf3 Rf4+ 43. Kg3 Kg7 44. Rd3 Kf6 45. Ra3 Rxd4 46. Rxa7 h5 47. Rb7 Rd3+ 48. Kf2 Rd2+ 49. Ke3 Rxb2 50. Kf3 h4 51. Kg4 Rg2+ 52. Kh3 Rg3+ 53. Kh2 Ra3 54. Rxb5 Rxa2+ 55. Kh3 Ra3+ 56. Kh2 Re3 57. Rb6+ Kf5 58. Rb5+ Kf4 59. Rb4+ Kf3 60. Rb2 Re2+ 61. Rxe2 Kxe2 62. Kg2 g4 63. Kg1 g3 64. Kg2 Ke1 65. Kg1 h3 66. Kh1 h2 67. Kg2 Ke2 68. Kh1 Ke3 69. Kg2 h1Q+ 70. Kxh1 Kf3 71. Kg1 g2 0-1